Statistics for US States that include the letter H in 2 mins

Click here to take the quiz!

General Stats

  • This quiz has been taken 51 times
  • The average score is 13 of 14

Answer Stats

Hint Answer % Correct
1Hawaii
98%
5New Hampshire
98%
12South Dakota
98%
8Ohio
96%
11South Carolina
96%
4Michigan
93%
14Washington
93%
7North Dakota
91%
6North Carolina
89%
10Rhode Island
87%
9Oklahoma
84%
13Utah
84%
3Massachusetts
82%
2Idaho
71%

Score Distribution

Percentile by Number Answered

Percent of People with Each Score

Your Score History

You have not taken this quiz